|
|
|
|
| LEADER |
000000am a2200000 a 4500 |
| 001 |
10200 |
| 005 |
20230308175758.0 |
| 008 |
964050|1960 ||||||||r|||||||||||spa|| |
| 040 |
|
|
|b spa
|
| 082 |
0 |
|
|a 618.92
|b Nel
|
| 100 |
1 |
|
|a Nelson, Waldo E., dir.
|9 84962
|
| 245 |
1 |
1 |
|a Tratado de pediatría
|c Dirigido por Waldo E. Nelson
|h imp
|
| 250 |
|
|
|a 4. ed.
|
| 264 |
|
|
|a Barcelona
|b Salvat
|c 1960
|
| 300 |
|
|
|a 2 v.
|b ilus., tbls.
|
| 504 |
|
|
|a incl. ref.
|
| 650 |
|
0 |
|a Pediatría
|9 2161
|
| 852 |
|
|
|a UC-SALUD
|f compra
|k mariana.feican
|l 1
|m General
|p 19640504
|q S/. 595
|t 10200
|b 0
|d CDRS
|e CDRS
|g 618.92 Nel
|z 1964-40-50
|
| 942 |
|
|
|c BK
|
| 999 |
|
|
|c 50985
|d 50985
|